000 00359nam a2200145Ia 4500
008 220803s9999 xx 000 0 und d
020 _a9780716736288
041 _aeng
082 _a910 PUL
100 _aPulsipher L M
_927424
245 _aWorld Regional Geography
260 _aNew York
_bW H Freeman And Company
_c2000
300 _a628p
500 _aARCHI
999 _c17482
_d17482